Statistics for Norse Mythology I

Click here to take the quiz!

General Stats

  • This quiz has been taken 6,476 times
  • The average score is 7 of 15

Answer Stats

HintAnswer% Correct
God of thunderThor
99%
One-eyed god, all-fatherOdin
95%
Shapeshifting TricksterLoki
92%
Giant wolf, bound in chainsFenrir
55%
Fate of the godsRagnarok
54%
The World TreeYggdrasil
51%
Watchman of BifrostHeimdall
46%
Slain with mistletoeBaldur
38%
One-handed war godTyr
35%
Eight-legged horseSleipnir
32%
The World SnakeJormungandr
25%
Keeper of golden applesIdunn
17%
Squirrel on the World TreeRatatoskr
17%
Dragon slain by SigurdFafnir
16%
Ship made of fingernailsNaglfar
9%

Score Distribution

Percentile by Number Answered

Percent of People with Each Score

Your Score History

You have not taken this quiz